<?xml version="1.0" encoding="UTF-8"?>
<record
    xmlns:xsi="http://www.w3.org/2001/XMLSchema-instance"
    xsi:schemaLocation="http://www.loc.gov/MARC21/slim http://www.loc.gov/standards/marcxml/schema/MARC21slim.xsd"
    xmlns="http://www.loc.gov/MARC21/slim">

  <leader>01120nam a2200349 a 4500</leader>
  <controlfield tag="001">22965</controlfield>
  <controlfield tag="003">SK-KTurca</controlfield>
  <controlfield tag="005">20260513082302.0</controlfield>
  <controlfield tag="008">250414s1992    xo               0  slo  </controlfield>
  <datafield tag="015" ind1=" " ind2=" ">
    <subfield code="a">SNBA1992/11</subfield>
  </datafield>
  <datafield tag="020" ind1=" " ind2=" ">
    <subfield code="a">8071180653</subfield>
  </datafield>
  <datafield tag="035" ind1=" " ind2=" ">
    <subfield code="a">SNK000012380</subfield>
  </datafield>
  <datafield tag="035" ind1=" " ind2=" ">
    <subfield code="a">urn:nbn:sk:snk-amlkii</subfield>
  </datafield>
  <datafield tag="035" ind1=" " ind2=" ">
    <subfield code="a">urn:nbn:sk:snk-am00bna0</subfield>
  </datafield>
  <datafield tag="035" ind1=" " ind2=" ">
    <subfield code="a">BDABFA8F-8F96-4100-863A-FFBF8DAEFD7B</subfield>
  </datafield>
  <datafield tag="040" ind1=" " ind2=" ">
    <subfield code="a">SNK</subfield>
    <subfield code="b">slo</subfield>
    <subfield code="c">SNK</subfield>
    <subfield code="e">AACR2</subfield>
  </datafield>
  <datafield tag="041" ind1="0" ind2=" ">
    <subfield code="a">slo</subfield>
  </datafield>
  <datafield tag="044" ind1=" " ind2=" ">
    <subfield code="a">xo</subfield>
    <subfield code="c">SK</subfield>
  </datafield>
  <datafield tag="080" ind1=" " ind2=" ">
    <subfield code="a">633.88+615.322(035)</subfield>
    <subfield code="2">1981</subfield>
  </datafield>
  <datafield tag="080" ind1=" " ind2=" ">
    <subfield code="a">615.322(035)</subfield>
    <subfield code="2">1981</subfield>
  </datafield>
  <datafield tag="100" ind1="1" ind2=" ">
    <subfield code="a">Geiger, Fritz</subfield>
    <subfield code="4">aut</subfield>
  </datafield>
  <datafield tag="245" ind1="1" ind2="0">
    <subfield code="a">Bylinn&#xFD; recept&#xE1;r</subfield>
    <subfield code="b">D&#xF4;verujte lie&#x10D;iv&#xFD;m sil&#xE1;m pr&#xED;rody</subfield>
    <subfield code="c">Fritz Geiger ; Elena Linzbothov&#xE1;</subfield>
  </datafield>
  <datafield tag="250" ind1=" " ind2=" ">
    <subfield code="a">1. vyd.</subfield>
  </datafield>
  <datafield tag="260" ind1=" " ind2=" ">
    <subfield code="a">Bratislava</subfield>
    <subfield code="b">Ikar</subfield>
    <subfield code="c">1992</subfield>
    <subfield code="e">Bansk&#xE1; Bystrica</subfield>
    <subfield code="f">Tla&#x10D;iarne BB</subfield>
  </datafield>
  <datafield tag="300" ind1=" " ind2=" ">
    <subfield code="a">103 s., 12,1 AH</subfield>
    <subfield code="b">Tab. Obr.</subfield>
    <subfield code="c">29 cm</subfield>
  </datafield>
  <datafield tag="366" ind1=" " ind2=" ">
    <subfield code="e">64 K&#x10D;s.</subfield>
  </datafield>
  <datafield tag="500" ind1=" " ind2=" ">
    <subfield code="a">Lit. 11. Slov.-tal. n&#xE1;zvy rastl&#xED;n. Reg. chor&#xF4;b. 11 z&#xE1;zn. v nem.</subfield>
  </datafield>
  <datafield tag="700" ind1="1" ind2=" ">
    <subfield code="a">Linzbothov&#xE1;, Elena,</subfield>
    <subfield code="d">1939-</subfield>
    <subfield code="4">trl</subfield>
  </datafield>
  <datafield tag="942" ind1=" " ind2=" ">
    <subfield code="2">ddc</subfield>
    <subfield code="c">OLDO</subfield>
    <subfield code="n">0</subfield>
  </datafield>
  <datafield tag="999" ind1=" " ind2=" ">
    <subfield code="c">22965</subfield>
    <subfield code="d">22965</subfield>
  </datafield>
  <datafield tag="952" ind1=" " ind2=" ">
    <subfield code="0">0</subfield>
    <subfield code="1">0</subfield>
    <subfield code="4">0</subfield>
    <subfield code="7">0</subfield>
    <subfield code="8">D</subfield>
    <subfield code="a">OKTUS</subfield>
    <subfield code="b">OKTUS</subfield>
    <subfield code="d">2026-05-13</subfield>
    <subfield code="l">0</subfield>
    <subfield code="p">4738001260</subfield>
    <subfield code="r">2026-05-13 08:23:18</subfield>
    <subfield code="w">2026-05-13</subfield>
    <subfield code="y">OLDO</subfield>
  </datafield>
</record>
